[Event "World Rapid Women 2025"]
[Site "Doha QAT"]
[Date "2025.12.27"]
[Round "5.13"]
[White "Muzychuk, Anna"]
[Black "Zhapova, Yana"]
[Result "0-1"]
[WhiteTitle "GM"]
[BlackTitle "FM"]
[WhiteElo "2518"]
[BlackElo "2260"]
[WhiteFideId "14111330"]
[BlackFideId "24278670"]
[EventDate "2025.12.26"]

1. e4 e5 2. Nf3 Nc6 3. Bb5 a6 4. Ba4 Nf6 5. O-O Be7 6. Re1 b5 7. Bb3 d6 8. c3
O-O 9. h3 Bb7 10. d4 Re8 11. a3 h6 12. Ba2 Bf8 13. d5 Ne7 14. b3 c6 15. c4 a5
16. a4 b4 17. Nbd2 cxd5 18. exd5 Nd7 19. Ne4 Qc7 20. Bb1 f5 21. Ng3 g6 22. Nh4
Nf6 23. Nxg6 Nxg6 24. Nxf5 e4 25. Nxh6+ Bxh6 26. Bxh6 Bc8 27. Qd4 Qf7 28. Bxe4
Nxe4 29. Rxe4 Rxe4 30. Qxe4 Bf5 31. Qd4 Re8 32. Qd2 Ne5 33. Bf4 Qg6 34. Bxe5
Rxe5 35. Kh2 Qe8 36. Ra2 Bg6 37. Qf4 Qe7 38. Rd2 Rf5 39. Qh6 Qe5+ 40. g3 Qf6 41.
Qe3 Re5 42. Qb6 Qf3 43. Qd8+ Kf7 44. Qd7+ Re7 45. Qxd6 Bf5 46. Qf4 Qxf4 47. gxf4
Re1 48. c5 Ke7 49. h4 Kd7 50. h5 Be4 51. Kg3 Rg1+ 52. Kh4 Bf3 53. Rd3 Rh1+ 54.
Kg5 Rxh5+ 55. Kg6 Be4+ 56. Kxh5 Bxd3 57. Kg5 Bc2 58. Kf6 Bxb3 59. Ke5 Bxd5 60.
Kd4 Kc6 61. f5 b3 62. Kc3 Kxc5 63. f6 Bf7 0-1

[Event "World Rapid Women 2025"]
[Site "Doha QAT"]
[Date "2025.12.27"]
[Round "5.14"]
[White "Khotenashvili, Bella"]
[Black "Mamedjarova, Zeinab"]
[Result "1-0"]
[WhiteTitle "GM"]
[BlackTitle "WGM"]
[WhiteElo "2426"]
[BlackElo "2155"]
[WhiteFideId "13602640"]
[BlackFideId "13401521"]
[EventDate "2025.12.26"]

1. Nf3 d5 2. g3 Nf6 3. Bg2 e6 4. O-O Be7 5. d3 O-O 6. Nbd2 c5 7. e4 Nc6 8. Re1
b6 9. e5 Nd7 10. Nf1 Bb7 11. h4 Qc7 12. Bf4 Rfe8 13. Ne3 Qd8 14. c3 f5 15. exf6
Nxf6 16. d4 cxd4 17. cxd4 Ne4 18. Ng4 a5 19. h5 a4 20. a3 Bd6 21. Nfe5 Nxe5 22.
Nxe5 Qe7 23. Rc1 Rf8 24. Qg4 Bxe5 25. dxe5 Nc5 26. Rcd1 Rf5 27. Rd4 Raf8 28. Bh3
Bc6 29. Qe2 R5f7 30. Qe3 h6 31. Rb4 Rxf4 32. Rxf4 Rxf4 33. gxf4 Qh4 34. Qf3 Bb7
35. Rd1 d4 36. Qg4 Qd8 37. f5 exf5 38. Qxf5 Qd5 39. Kh2 d3 40. e6 Qd6+ 41. f4
Qd4 42. Qf7+ Kh8 43. Qe8+ 1-0

[Event "World Rapid Women 2025"]
[Site "Doha QAT"]
[Date "2025.12.27"]
[Round "5.15"]
[White "Khamdamova, Afruza"]
[Black "Mamedjarova, Turkan"]
[Result "1/2-1/2"]
[WhiteTitle "WGM"]
[BlackTitle "WGM"]
[WhiteElo "2403"]
[BlackElo "2216"]
[WhiteFideId "14210444"]
[BlackFideId "13402005"]
[EventDate "2025.12.26"]

1. e4 e5 2. Nf3 Nc6 3. Bb5 a6 4. Ba4 Nf6 5. O-O Be7 6. Re1 b5 7. Bb3 d6 8. c3
O-O 9. h3 Nb8 10. d4 Nbd7 11. Nbd2 c5 12. Nf1 Bb7 13. Ng3 c4 14. Bc2 g6 15. Bh6
Re8 16. Qd2 Bf8 17. Bg5 Bg7 18. Rad1 Qc7 19. d5 Nc5 20. Kh1 Bc8 21. Rg1 a5 22.
Rde1 Rb8 23. Nf1 b4 24. g4 bxc3 25. Qxc3 Qb6 26. Bc1 Qb4 27. Qe3 Bd7 28. Ng3 Ba4
29. Bb1 c3 30. b3 Rec8 31. Bc2 Bd7 32. Nh4 a4 33. Ngf5 axb3 34. axb3 Nxb3 35.
Bxb3 Qxb3 36. Nxg7 Kxg7 37. Nf5+ Bxf5 38. gxf5 Ng8 39. f4 c2 40. fxe5 Rc3 41.
Qf4 Rf3 42. Re3 Rxh3+ 43. Kg2 Rxe3 44. Bxe3 Qd3 45. exd6 Qe2+ 46. Kh1 Rb3 47.
Bd4+ Kf8 48. Qh4 g5 49. Bg7+ Ke8 50. Qxh7 Qxe4+ 51. Kh2 Qf4+ 52. Kh1 Qe4+ 53.
Kh2 Qh4+ 54. Qxh4 gxh4 55. Rc1 Kd7 56. Rxc2 Kxd6 57. Rc8 Ne7 58. Bf8 Kd7 59.
Bxe7 Kxe7 60. Rc6 Rd3 61. f6+ Kd7 62. Ra6 Rxd5 63. Kh3 Rd6 64. Ra7+ Ke6 65. Kxh4
Kxf6 66. Kg3 Rd4 67. Ra5 Kg6 68. Kf3 f5 69. Ra8 Rb4 70. Rg8+ Kf6 71. Rf8+ 1/2-1/2

[Event "World Rapid Women 2025"]
[Site "Doha QAT"]
[Date "2025.12.27"]
[Round "5.16"]
[White "Yakimova, Mariya"]
[Black "Injac, Teodora"]
[Result "0-1"]
[WhiteTitle "WFM"]
[BlackTitle "IM"]
[WhiteElo "2241"]
[BlackElo "2421"]
[WhiteFideId "34188859"]
[BlackFideId "932400"]
[EventDate "2025.12.26"]

1. d4 Nf6 2. Nf3 g6 3. c4 Bg7 4. Nc3 d6 5. Bg5 h6 6. Bh4 g5 7. Bg3 Nh5 8. e3 Nd7
9. Qc2 e6 10. Be2 Qe7 11. Rd1 a6 12. b4 O-O 13. Nd2 Nxg3 14. hxg3 f5 15. f4 Qf6
16. Nb3 c5 17. bxc5 dxc5 18. Na4 cxd4 19. exd4 Qg6 20. O-O Nf6 21. Nb6 Rb8 22.
Nc5 Ne4 23. Nxe4 fxe4 24. fxg5 Rxf1+ 25. Bxf1 e5 26. Nd5 Kh8 27. gxh6 Bxh6 28.
dxe5 Bf5 29. Qc3 Re8 30. Be2 Bg7 31. Nf6 Bxf6 32. exf6 Rf8 33. g4 Bxg4 34. Bxg4
Qxg4 35. f7+ Kh7 36. Rf1 Qg5 37. Qh3+ Kg6 38. Qe6+ Kg7 39. Rf5 Qc1+ 40. Kh2 Rh8+
41. Kg3 Qe3+ 42. Kg4 Qe2+ 43. Kf4 Qf2+ 44. Ke5 Qb2+ 45. Kd5 Rd8+ 46. Kc5 Qa3+
47. Kb6 Rd6+ 48. Qxd6 Qxd6+ 49. Ka7 Qd4+ 50. c5 Kf8 51. g4 e3 52. g5 e2 0-1

[Event "World Rapid Women 2025"]
[Site "Doha QAT"]
[Date "2025.12.27"]
[Round "5.17"]
[White "Shuvalova, Polina"]
[Black "Chen, Yining"]
[Result "1/2-1/2"]
[WhiteTitle "IM"]
[BlackTitle "FM"]
[WhiteElo "2502"]
[BlackElo "2278"]
[WhiteFideId "24171760"]
[BlackFideId "8620946"]
[EventDate "2025.12.26"]

1. d4 d5 2. c4 dxc4 3. Nf3 Nf6 4. e3 e6 5. Bxc4 a6 6. O-O c5 7. b3 b5 8. Be2
Nbd7 9. Bb2 Bb7 10. a4 bxa4 11. Rxa4 Be7 12. Nbd2 cxd4 13. Bxd4 O-O 14. Qa1 a5
15. Rc1 Bb4 16. Nc4 Bd5 17. h3 Rc8 18. Qb2 Bxc4 19. bxc4 Qe7 20. Ra2 Rc7 21. Ne5
Nc5 22. Ng4 Ne8 23. Ne5 f6 24. Nd3 Nxd3 25. Bxd3 Rb7 26. Qc2 g6 27. c5 Nc7 28.
c6 Rbb8 29. Bc5 Bxc5 30. Qxc5 Qxc5 31. Rxc5 Rfd8 32. Bc4 Rd6 33. Raxa5 Kf8 34.
Ra7 Rc8 35. h4 Ke7 36. Ba6 Rd1+ 37. Kh2 Ra1 38. Bxc8 Rxa7 39. Rc2 Nb5 40. Bb7
Nd6 41. Rd2 e5 42. f3 h5 43. Kh3 e4 44. fxe4 Ra3 45. c7 Rxe3+ 46. g3 Rc3 47.
Rxd6 Kxd6 48. c8=Q Rxc8 49. Bxc8 Ke5 50. Bb7 f5 51. exf5 gxf5 52. Bf3 f4 53.
gxf4+ Kxf4 54. Bxh5 Kf5 55. Be2 Kg6 56. Kg4 Kh6 57. Bd3 Kg7 58. h5 1/2-1/2

[Event "World Rapid Women 2025"]
[Site "Doha QAT"]
[Date "2025.12.27"]
[Round "5.18"]
[White "Rakshitta, Ravi"]
[Black "Vaishali, Rameshbabu"]
[Result "0-1"]
[WhiteTitle "WGM"]
[BlackTitle "GM"]
[WhiteElo "2381"]
[BlackElo "2473"]
[WhiteFideId "25073230"]
[BlackFideId "5091756"]
[EventDate "2025.12.26"]

1. e4 d5 2. exd5 Qxd5 3. Nc3 Qa5 4. d4 Bf5 5. Nf3 e6 6. Bc4 Nf6 7. O-O Bb4 8.
Bd2 Nc6 9. a3 Bxc3 10. Bxc3 Qb6 11. a4 a5 12. Bb5 O-O 13. Nd2 Nb4 14. Bxb4 axb4
15. Nc4 Qa7 16. a5 Rad8 17. c3 bxc3 18. bxc3 c6 19. Ba4 c5 20. Bc2 Bxc2 21. Qxc2
cxd4 22. cxd4 Qxd4 23. Qb3 Ne4 24. Rae1 Rc8 25. Nb6 Nd2 26. Qe3 Rcd8 27. Qxd4
Rxd4 28. Rd1 Rfd8 29. Rc1 Nxf1 30. Rxf1 Rd1 0-1

[Event "World Rapid Women 2025"]
[Site "Doha QAT"]
[Date "2025.12.27"]
[Round "5.19"]
[White "Nomin-Erdene, Davaademberel"]
[Black "Lagno, Kateryna"]
[Result "0-1"]
[WhiteTitle "IM"]
[BlackTitle "GM"]
[WhiteElo "2312"]
[BlackElo "2508"]
[WhiteFideId "4900782"]
[BlackFideId "14109336"]
[EventDate "2025.12.26"]

1. e4 e5 2. Nf3 d6 3. d4 exd4 4. Nxd4 Nf6 5. Nc3 Be7 6. Nde2 O-O 7. g3 c6 8. Bg2
Nbd7 9. a4 a5 10. O-O Re8 11. h3 Bf8 12. g4 h6 13. Ng3 Nc5 14. Be3 Qc7 15. Qd2
Be6 16. Bd4 Be7 17. f4 d5 18. e5 Nfe4 19. Ngxe4 Nxe4 20. Nxe4 dxe4 21. Bxe4 Rad8
22. Qf2 c5 23. Be3 Bd5 24. Qg2 Qc6 25. Bxd5 Rxd5 26. c4 Rd3 27. Qxc6 bxc6 28.
Ra3 Red8 29. Kf2 Rxa3 30. bxa3 Rd3 31. Rb1 Rxa3 32. Rb8+ Kh7 33. Rb7 Bh4+ 34.
Ke2 Kg8 35. Rb8+ Kh7 36. Rf8 Rxa4 37. Rxf7 Rxc4 38. Ra7 Ra4 39. Kf3 c4 40. f5
Kg8 41. Ra8+ Kh7 42. Ra7 Kg8 43. Ra8+ Kh7 44. e6 c3 45. Ke2 c2 46. Kd2 Re4 47.
Bb6 Rc4 0-1

[Event "World Rapid Women 2025"]
[Site "Doha QAT"]
[Date "2025.12.27"]
[Round "5.20"]
[White "Garifullina, Leya"]
[Black "Berend, Elvira"]
[Result "1/2-1/2"]
[WhiteTitle "IM"]
[BlackTitle "WGM"]
[WhiteElo "2454"]
[BlackElo "2265"]
[WhiteFideId "34127035"]
[BlackFideId "4000510"]
[EventDate "2025.12.26"]

1. e4 c5 2. Nf3 e6 3. d4 cxd4 4. Nxd4 Nc6 5. Nc3 a6 6. Bf4 d6 7. Nxc6 bxc6 8.
Qd2 e5 9. Bg3 Qb6 10. O-O-O Be6 11. f4 exf4 12. Bxf4 Rd8 13. Na4 Qa7 14. Qa5 Be7
15. Be2 Nf6 16. Bf3 O-O 17. Kb1 d5 18. exd5 Nxd5 19. Bxd5 Bxd5 20. Bc7 Rc8 21.
Bb6 Qb8 22. Rhe1 Rfe8 23. g3 Bf6 24. Qd2 h6 25. Qf2 Rxe1 26. Rxe1 Re8 27. b3
Rxe1+ 28. Qxe1 Be6 29. Ba5 Bf5 30. Bc3 Bxc3 31. Qxc3 Qd6 32. Kb2 h5 33. Nc5 Bc8
34. b4 h4 35. gxh4 Qxh2 36. Qc4 Qe5+ 37. c3 Qh2+ 38. Ka3 Qd2 39. Ka4 Qd1+ 40.
Qb3 Qd8 41. Qc2 Qxh4 42. Qe2 Qd8 43. Qe4 Qd1+ 44. Ka5 Qd8+ 45. Ka4 Qd1+ 46. Ka5 1/2-1/2

[Event "World Rapid Women 2025"]
[Site "Doha QAT"]
[Date "2025.12.27"]
[Round "5.21"]
[White "Vantika, Agrawal"]
[Black "Rudzinska, Michalina"]
[Result "1-0"]
[WhiteTitle "IM"]
[BlackTitle "WGM"]
[WhiteElo "2369"]
[BlackElo "2206"]
[WhiteFideId "25050389"]
[BlackFideId "1172883"]
[EventDate "2025.12.26"]

1. d4 Nf6 2. c4 e6 3. Nf3 d5 4. Nc3 Bb4 5. cxd5 exd5 6. Qa4+ Nc6 7. Bg5 h6 8.
Bxf6 Qxf6 9. e3 O-O 10. Rc1 a6 11. a3 Bxc3+ 12. Rxc3 Qg6 13. Qc2 Bf5 14. Qb3 Be4
15. Qxb7 Na5 16. Qxc7 Bxf3 17. gxf3 Nc4 18. Bd3 Qg2 19. Rf1 Rfe8 20. Bxc4 dxc4
21. Qg3 Qxg3 22. hxg3 Rab8 23. Rc2 Rb3 24. Kd2 Rc8 25. Rfc1 Kf8 26. Ke2 Ke7 27.
f4 Kd6 28. Rxc4 Rxb2+ 29. Kf3 Rxc4 30. Rxc4 a5 31. Rc5 a4 32. Ra5 1-0

[Event "World Rapid Women 2025"]
[Site "Doha QAT"]
[Date "2025.12.27"]
[Round "5.22"]
[White "Jiang, Tianyu"]
[Black "Danielian, Elina"]
[Result "0-1"]
[BlackTitle "GM"]
[WhiteElo "2224"]
[BlackElo "2408"]
[WhiteFideId "8627215"]
[BlackFideId "13300210"]
[EventDate "2025.12.26"]

1. e4 e6 2. d4 d5 3. Nc3 Bb4 4. Ne2 dxe4 5. a3 Bxc3+ 6. Nxc3 Nc6 7. d5 exd5 8.
Qxd5 Be6 9. Qxe4 Nf6 10. Qa4 O-O 11. Bd2 Qe7 12. O-O-O Rfd8 13. Bg5 Rxd1+ 14.
Nxd1 h6 15. Be3 a6 16. Qh4 Rd8 17. Nc3 Bf5 18. Bc4 Ne5 19. Bb3 c5 20. Re1 b5 21.
Qf4 Bg6 22. Bd2 Nfd7 23. Bd5 b4 24. axb4 cxb4 25. Na4 a5 26. Bb3 Rc8 27. Kb1 Qd6
28. Bc1 Qc6 29. Qd2 Nc4 30. Qe2 Ndb6 31. Nxb6 Nxb6 32. Be3 a4 33. Bxb6 axb3 34.
Ba5 Bxc2+ 35. Ka1 Qa4# 0-1

[Event "World Rapid Women 2025"]
[Site "Doha QAT"]
[Date "2025.12.27"]
[Round "5.23"]
[White "Mkrtchyan, Mariam"]
[Black "Mkrtchian, Lilit"]
[Result "1-0"]
[WhiteTitle "WIM"]
[BlackTitle "IM"]
[WhiteElo "2353"]
[BlackElo "2366"]
[WhiteFideId "13310828"]
[BlackFideId "13300601"]
[EventDate "2025.12.26"]

1. d4 Nf6 2. c4 e6 3. Nf3 b6 4. g3 Ba6 5. b3 Bb4+ 6. Bd2 Be7 7. Nc3 d5 8. cxd5
exd5 9. Bg2 O-O 10. O-O Re8 11. Rb1 Nbd7 12. b4 Bc4 13. Qc2 c6 14. Bf4 b5 15.
Nd2 Nh5 16. Nxc4 bxc4 17. b5 Nxf4 18. gxf4 Nf6 19. bxc6 Qd6 20. Qf5 Rad8 21. c7
Qxc7 22. Nxd5 Rxd5 23. Bxd5 g6 24. Qg5 Ne4 25. Bxf7+ Kg7 26. Qg2 Kxf7 27. Qxe4 1-0

[Event "World Rapid Women 2025"]
[Site "Doha QAT"]
[Date "2025.12.27"]
[Round "5.24"]
[White "Maltsevskaya, Aleksandra"]
[Black "Gu, Xiaobing"]
[Result "1-0"]
[WhiteTitle "IM"]
[BlackTitle "WGM"]
[WhiteElo "2398"]
[BlackElo "2106"]
[WhiteFideId "24174041"]
[BlackFideId "8602611"]
[EventDate "2025.12.26"]

1. Nf3 Nf6 2. g3 g6 3. c4 Bg7 4. Bg2 O-O 5. d4 c5 6. Nc3 d5 7. dxc5 dxc4 8. O-O
Qa5 9. Qd4 Nfd7 10. Qxc4 Qxc5 11. Qh4 Nf6 12. Be3 Qh5 13. Qxh5 Nxh5 14. Nd4 Na6
15. Nd5 Re8 16. Nb5 Be5 17. Nxa7 Bf5 18. Nb5 Rad8 19. Rad1 Bxb2 20. Nxe7+ Kf8
21. Nxf5 gxf5 22. Bxb7 Rxd1 23. Rxd1 Re6 24. Nd6 f4 25. gxf4 Nc7 26. f5 Re5 27.
Nc4 Rb5 28. Bc6 Rb8 29. Rb1 1-0

[Event "World Rapid Women 2025"]
[Site "Doha QAT"]
[Date "2025.12.27"]
[Round "5.25"]
[White "Badelka, Olga"]
[Black "Gaboyan, Susanna"]
[Result "1-0"]
[WhiteTitle "IM"]
[BlackTitle "WIM"]
[WhiteElo "2395"]
[BlackElo "2182"]
[WhiteFideId "13509926"]
[BlackFideId "13303627"]
[EventDate "2025.12.26"]

1. d4 Nf6 2. Nf3 e6 3. g3 d5 4. Bg2 c5 5. O-O cxd4 6. Nxd4 Nc6 7. c4 Be7 8. Nc3
O-O 9. cxd5 exd5 10. Bf4 Be6 11. Rc1 Rc8 12. Nxe6 fxe6 13. Bh3 Qd7 14. e4 d4 15.
Qb3 Nd8 16. Rcd1 Bc5 17. Be5 Re8 18. Bxf6 gxf6 19. Nd5 Kg7 20. Nf4 Qf7 21. Qf3
Kh8 22. Nd3 Bb6 23. Qg4 Rg8 24. Qh4 Nc6 25. Rc1 Rc7 26. Qf4 e5 27. Qf3 Rf8 28.
b3 Qe7 29. Bf5 Nd8 30. Rxc7 Bxc7 31. Rc1 Nf7 32. Qh5 Nd6 33. Bxh7 Qxh7 34. Qxh7+
Kxh7 35. Rxc7+ Kg6 36. f3 Rc8 37. Rxc8 Nxc8 38. Kf2 Ne7 39. f4 Nc6 40. Kf3 a5
41. a3 b5 42. Kg4 a4 43. b4 Kf7 44. h4 Ke6 45. h5 Ne7 46. fxe5 fxe5 47. Kg5 Kf7
48. Nxe5+ Kg7 49. Nd3 Nc8 50. e5 Nb6 51. h6+ Kh7 52. e6 Nd5 53. g4 Ne7 54. Kh5
Nd5 55. g5 Ne7 56. Nf4 Ng6 57. Nxg6 d3 58. Nf8+ Kh8 59. e7 d2 60. e8=Q d1=Q+ 61.
Kg6 Qd3+ 62. Kf6 Qf3+ 63. Ke7 Qf7+ 64. Kd8 Qd5+ 65. Nd7+ Kh7 66. Qe7+ Kg6 67.
Qf6+ Kh5 68. h7 Qa8+ 69. Kc7 Qa7+ 70. Kd6 Qa6+ 71. Ke7 1-0

[Event "World Rapid Women 2025"]
[Site "Doha QAT"]
[Date "2025.12.27"]
[Round "5.26"]
[White "Aydin, Gulenay"]
[Black "Shukhman, Anna"]
[Result "1/2-1/2"]
[WhiteTitle "WIM"]
[BlackTitle "WGM"]
[WhiteElo "2259"]
[BlackElo "2431"]
[WhiteFideId "34557431"]
[BlackFideId "54180058"]
[EventDate "2025.12.26"]

1. e4 c5 2. c3 Nf6 3. e5 Nd5 4. Bc4 Nb6 5. Bb3 d6 6. exd6 Qxd6 7. Nf3 c4 8. Bc2
Qe6+ 9. Kf1 Nc6 10. Na3 Bd7 11. b3 Ne5 12. Nxe5 cxb3 13. axb3 Qxe5 14. d4 Qc7
15. Qf3 Rc8 16. Bd2 g6 17. Bd3 a6 18. Nc4 Bg7 19. Bf4 Qd8 20. Qxb7 Nxc4 21. Bxc4
Bc6 22. Qb4 O-O 23. h4 Qd7 24. Bg3 h5 25. Kg1 e5 26. dxe5 Rb8 27. Qc5 Rbc8 28.
Qe3 Rfe8 29. Kh2 Bb5 30. Rhd1 Qc6 31. Bd5 Qxc3 32. Qg5 Qc2 33. e6 fxe6 34. Rac1
Qxc1 35. Rxc1 Rxc1 36. Bxe6+ Rxe6 37. Qxc1 Rc6 38. Qe3 Kf7 39. Qa7+ Kg8 40. Qe7
Bf8 41. Qd8 Re6 42. Qd5 Kf7 43. f4 Bc6 44. Qd3 Bb5 45. Qd5 Bc6 46. Qc4 Be4 47.
Qc7+ Be7 48. Bf2 Rc6 49. Qe5 Re6 50. Qc7 Rc6 51. Qd7 Rc2 52. Qd4 Bf5 53. b4 Be6
54. Qa7 Bd5 55. Qd4 Be6 56. Qa7 Bd5 57. Qd4 Be6 1/2-1/2

[Event "World Rapid Women 2025"]
[Site "Doha QAT"]
[Date "2025.12.27"]
[Round "5.27"]
[White "Charkhalashvili, Inga"]
[Black "Kamalidenova, Meruert"]
[Result "0-1"]
[WhiteTitle "WGM"]
[BlackTitle "IM"]
[WhiteElo "2235"]
[BlackElo "2366"]
[WhiteFideId "13601431"]
[BlackFideId "13712802"]
[EventDate "2025.12.26"]

1. d4 d6 2. Nf3 Nf6 3. g3 g6 4. Bg2 Bg7 5. O-O O-O 6. c4 Bd7 7. Nc3 Re8 8. Bg5
h6 9. Bxf6 Bxf6 10. Qd2 Bg7 11. Rfd1 Qc8 12. Rac1 e5 13. dxe5 dxe5 14. Nh4 Be6
15. Ne4 Nc6 16. Nc5 g5 17. Nxe6 Qxe6 18. Bd5 Qf6 19. Ng2 Rad8 20. Qe3 Nd4 21.
Bxb7 Qb6 22. Bd5 Qxb2 23. Kf1 c6 24. Bf3 Qxa2 25. Ne1 Nxf3 26. Nxf3 Rxd1+ 27.
Rxd1 Qxc4 28. Qxa7 e4 29. Qd7 Qe6 30. Qxe6 Rxe6 31. Rd8+ Kh7 32. Nd2 e3 33. Nc4
exf2 34. Kxf2 Re4 35. Nd6 Rd4 36. Nxf7 Kg6 37. Nh8+ Kf5 38. Rg8 Rd7 39. h3 h5
40. Re8 Kf6 41. Rc8 Rd6 42. e4 Ke6 43. Re8+ Kd7 44. Rg8 Be5 45. Ng6 Rf6+ 46. Kg2
Bd4 47. e5 Rf2+ 48. Kh1 c5 49. Rg7+ Ke6 50. Rc7 Kf5 51. Rc6 Re2 52. Rf6+ Ke4 53.
g4 hxg4 54. hxg4 c4 55. Rc6 c3 56. e6 Kf3 57. e7 Kg3 0-1

[Event "World Rapid Women 2025"]
[Site "Doha QAT"]
[Date "2025.12.27"]
[Round "5.28"]
[White "Beydullayeva, Govhar"]
[Black "Roebers, Eline"]
[Result "1/2-1/2"]
[WhiteTitle "WGM"]
[BlackTitle "IM"]
[WhiteElo "2364"]
[BlackElo "2396"]
[WhiteFideId "13413015"]
[BlackFideId "1058401"]
[EventDate "2025.12.26"]

1. d4 g6 2. c4 Bg7 3. Nf3 c5 4. d5 Nf6 5. Nc3 d6 6. e4 e6 7. h3 exd5 8. exd5 O-O
9. Bd3 Re8+ 10. Be3 Nbd7 11. O-O Ne5 12. Nxe5 Rxe5 13. Bf4 Re8 14. Re1 Rxe1+ 15.
Qxe1 a6 16. a4 b6 17. Qe3 Ra7 18. g4 Re7 19. Qg3 Ne8 20. Rb1 Be5 21. Ne4 f5 22.
Ng5 fxg4 23. hxg4 Nf6 24. f3 Qe8 25. Kg2 Qxa4 26. Bxe5 dxe5 27. d6 Re8 28. Qh4
Qd7 29. Nxh7 Nxh7 30. Bxg6 Rf8 31. Rh1 Rf7 32. Bxf7+ Qxf7 33. Qd8+ Qf8 34. Qc7
Nf6 35. d7 Bxd7 36. g5 Qg7 37. Qxe5 Ne8 38. Qd5+ Kf8 39. Rh4 Ke7 40. Re4+ Kd8
41. Qa8+ Kc7 42. Rxe8 Qxg5+ 43. Kf1 Bxe8 44. Qxe8 Qc1+ 45. Kg2 Qxc4 46. Qe7+ Kc6
47. Qe8+ Kc7 48. Qe7+ Kc6 49. Qe8+ Kc7 1/2-1/2

[Event "World Rapid Women 2025"]
[Site "Doha QAT"]
[Date "2025.12.27"]
[Round "5.29"]
[White "Bivol, Alina"]
[Black "Yip, Carissa"]
[Result "0-1"]
[WhiteTitle "IM"]
[BlackTitle "IM"]
[WhiteElo "2360"]
[BlackElo "2459"]
[WhiteFideId "4100123"]
[BlackFideId "2090732"]
[EventDate "2025.12.26"]

1. e4 g6 2. d4 Bg7 3. Nf3 d6 4. Bc4 Nf6 5. Qe2 O-O 6. Nc3 Nc6 7. Bg5 h6 8. Bxf6
exf6 9. O-O-O a6 10. h3 Rb8 11. Rhe1 b5 12. Bd5 Bd7 13. Bxc6 Bxc6 14. d5 b4 15.
Nb1 Bb5 16. Qe3 Re8 17. g4 c5 18. dxc6 Bxc6 19. Qf4 Qa5 20. Rxd6 Rbc8 21. Re2
Qxa2 22. Nd4 Ba8 23. f3 Qc4 24. Rd7 Rcd8 25. Nd2 Qa2 26. Rxd8 Rxd8 27. N2b3 f5
28. e5 fxg4 29. fxg4 Bd5 30. Rf2 a5 31. g5 h5 32. e6 Bxe6 33. Qc7 Rc8 34. Qb7
Bxd4 35. Nxd4 Qa1+ 36. Kd2 Qxb2 37. Ke3 Qc3+ 38. Ke4 Rd8 39. Nxe6 Qc4+ 40. Kf3
Qxe6 41. Kg3 Qe5+ 42. Kf3 Qxg5 43. Qc7 Qd5+ 44. Ke2 Re8+ 45. Kf1 Qh1# 0-1

[Event "World Rapid Women 2025"]
[Site "Doha QAT"]
[Date "2025.12.27"]
[Round "5.30"]
[White "Munkhzul, Turmunkh"]
[Black "Gaal, Zsoka"]
[Result "1-0"]
[WhiteTitle "WGM"]
[BlackTitle "IM"]
[WhiteElo "2271"]
[BlackElo "2374"]
[WhiteFideId "4901878"]
[BlackFideId "777765"]
[EventDate "2025.12.26"]

1. d4 Nf6 2. Bf4 d5 3. e3 c5 4. c3 Nc6 5. Nf3 Nh5 6. Bg5 h6 7. Bh4 g5 8. Bg3
Nxg3 9. hxg3 cxd4 10. exd4 Bg7 11. Bd3 Bg4 12. Nbd2 Qd7 13. Qb3 Qe6+ 14. Be2 Bf5
15. Nf1 Be4 16. Ne3 Rd8 17. Nd2 Bg6 18. Bf3 O-O 19. Bxd5 Qd7 20. O-O e5 21. dxe5
Nxe5 22. Nf3 Ng4 23. Nxg4 Qxd5 24. Ne3 Qc6 25. Rfd1 Be4 26. Rxd8 Rxd8 27. Rd1
Re8 28. Nd4 Qc5 29. Qb5 Qe5 30. Qxe5 Rxe5 31. Nc4 Rd5 32. Ne3 Ra5 33. a3 h5 34.
f3 Bg6 35. g4 hxg4 36. fxg4 Re5 37. Ndf5 Re4 38. Rd7 Be5 39. Kf2 b5 40. Rxa7
Bxf5 41. Nxf5 Rf4+ 42. Ke2 f6 43. Ne7+ 1-0

[Event "World Rapid Women 2025"]
[Site "Doha QAT"]
[Date "2025.12.27"]
[Round "5.31"]
[White "Nurgaliyeva, Zarina"]
[Black "Atalik, Ekaterina"]
[Result "1/2-1/2"]
[WhiteTitle "WIM"]
[BlackTitle "IM"]
[WhiteElo "2305"]
[BlackElo "2349"]
[WhiteFideId "13730096"]
[BlackFideId "4130189"]
[EventDate "2025.12.26"]

1. e4 e5 2. Nf3 Nc6 3. Nc3 Bc5 4. Nxe5 Nxe5 5. d4 Bd6 6. dxe5 Bxe5 7. Bd3 d6 8.
Be3 Nf6 9. h3 O-O 10. O-O Re8 11. Qf3 Bd7 12. Rfe1 Bc6 13. Bf4 Bxc3 14. bxc3 Nd7
15. Qg3 Ne5 16. Bh6 Qf6 17. Bg5 Qg6 18. f4 Nxd3 19. f5 Qh5 20. cxd3 Kh8 21. f6
g6 22. Qf4 Re5 23. h4 Bd7 24. d4 Ree8 25. Bh6 Qg4 26. Bg7+ Kg8 27. Qh6 Qh5 28.
Qxh5 gxh5 29. Re3 Bg4 30. Kf2 Re6 31. Kg3 Rae8 32. Kf4 d5 33. Rae1 c6 34. exd5
cxd5 35. Re5 Rc8 36. Rb1 Rxe5 37. Kxe5 b6 38. Kxd5 Rxc3 39. Ke5 Re3+ 40. Kd6 Rd3
41. Ke5 Re3+ 42. Kf4 Re2 43. d5 h6 44. a4 Rd2 45. Ke5 Re2+ 46. Kd6 Kh7 47. a5
bxa5 48. Ra1 Rxg2 49. Rxa5 Rd2 50. Rxa7 Kg6 51. Kc5 Bf3 52. Rd7 Rc2+ 53. Kb6
Rb2+ 54. Kc7 Rc2+ 55. Kb6 Rd2 56. Kc5 Rc2+ 57. Kd4 Rd2+ 58. Ke5 Bg4 59. Rd8 Re2+
60. Kf4 Rf2+ 61. Ke5 Re2+ 62. Kd6 Rc2 63. Ke7 Re2+ 64. Kd6 Rc2 65. Rf8 Rd2 66.
Ke5 Re2+ 67. Kf4 Rd2 68. d6 Rf2+ 69. Ke3 Re2+ 70. Kf4 Rf2+ 71. Ke5 Re2+ 72. Kd5
Be6+ 73. Kd4 Rd2+ 74. Ke5 Rd5+ 75. Ke4 Rxd6 76. Rh8 Bf5+ 77. Ke5 Re6+ 78. Kf4
Re4+ 79. Kg3 Bg4 80. Rxh6+ Kf5 81. Rh8 Re3+ 82. Kg2 Rb3 83. Rc8 Bf3+ 84. Kf2 Bd5
85. Rc5 Ke6 86. Rc2 Rh3 87. Re2+ Kf5 88. Re7 Rxh4 89. Rd7 Be6 90. Rd3 Ra4 91.
Rf3+ Kg6 92. Re3 h4 93. Re2 h3 94. Kg3 Ra1 95. Kh2 Rb1 96. Rf2 Kg5 97. Bf8 Bf5
98. Be7 Rd1 99. Rb2 Kf4 100. Bb4 Rd3 101. Rd2 Rb3 102. Bc5 Kg5 103. Bd4 Kg4 104.
Be5 Re3 105. Bd4 Re1 106. Bf2 Re6 107. Bd4 Re1 108. Bf2 Rb1 109. Bd4 Be4 110.
Bg1 Rc1 111. Re2 Bf3 112. Rb2 Be4 113. Re2 Bd5 114. Rd2 Be6 115. Bd4 Kf4 116.
Bg1 Kf3 117. Rf2+ Kg4 118. Rd2 Rc6 119. Bd4 Bf5 120. Bb2 Rb6 121. Bd4 Rb1 122.
Bg1 Kg5 123. Bd4 Re1 124. Bf2 Rf1 125. Bd4 Kg4 126. Bg1 Be4 127. Rf2 Rd1 128.
Re2 Bg2 129. Rb2 Kf5 130. Rf2+ Kg6 131. Rf4 Rd2 132. Bf2 Re2 133. Bh4 Kh5 134.
Bg3 Kg5 135. Rf2 Re4 136. Bd6 Rd4 137. Bc5 Rc4 138. Be3+ Kg4 139. Rd2 Kf3 140.
Bf2 Rc6 141. Bd4 Re6 142. Bg1 Kg4 143. Bd4 Re1 144. Bg1 Kg5 145. Rf2 Rd1 146.
Rd2 Rb1 1/2-1/2